[Event "Frankfurt Ch A 2019"]
[Site "Ffm-Höchst, BiKuZ"]
[Date "2019.06.17"]
[Round "7.43"]
[White "Weiland, Thomas"]
[Black "Stoll, Ulrich"]
[Result "1/2-1/2"]
[WhiteElo "1751"]
[BlackElo "1646"]
[PlyCount "76"]
[EventDate "2019.??.??"]
[WhiteTeam "SV Oberursel"]
[BlackTeam "Bad Vilbeler Sfr."]

1. g3 d5 2. Bg2 Nf6 3. Nf3 e6 4. O-O Nc6 5. c3 Be7 6. d4 O-O 7. Nbd2 b6 8. Re1
Bb7 9. Qc2 Rc8 10. a3 a5 11. b4 Re8 12. Bb2 Bf8 13. Bh3 Rb8 14. Bg2 Ne4 15. Bc1
f5 16. Nxe4 fxe4 17. Ne5 axb4 18. axb4 Nxe5 19. dxe5 c5 20. bxc5 Bxc5 21. Bb2
Rf8 22. e3 Qe7 23. c4 Rfc8 24. Rec1 Bb4 25. Qe2 Ra8 26. cxd5 Rxc1+ 27. Rxc1
exd5 28. Bd4 Bc5 29. Qb2 Ba3 30. Qxb6 Bxc1 31. Bc5 Ra6 32. Qb5 Qf7 33. Bh3 h6
34. e6 Rxe6 35. Bxe6 Qxe6 36. Qxb7 Bd2 37. Bd4 Qf7 38. Qxf7+ Kxf7 1/2-1/2

[Event "Frankfurt Ch A 2019"]
[Site "Ffm-Höchst, BiKuZ"]
[Date "2019.06.17"]
[Round "7.45"]
[White "Jakesevic, Ivan"]
[Black "Kautz, Thomas"]
[Result "1-0"]
[WhiteElo "1640"]
[BlackElo "1742"]
[PlyCount "103"]
[EventDate "2019.??.??"]
[WhiteTeam "FC Bierstadt"]
[BlackTeam "SK Niederbrechen"]

1. Nf3 g6 2. d4 Bg7 3. c3 Nf6 4. e3 O-O 5. Bd3 d6 6. O-O Nbd7 7. Nbd2 e5 8. Qc2
Qe7 9. e4 exd4 10. cxd4 c5 11. Re1 cxd4 12. Nxd4 Nc5 13. N2f3 Nxd3 14. Qxd3 b6
15. Bg5 Bb7 16. Nb5 Rfd8 17. Nc3 h6 18. Bh4 g5 19. Bg3 Nh5 20. Nd4 Nxg3 21.
hxg3 Be5 22. Rad1 Bxd4 23. Qxd4 Qe5 24. Rd2 Qxd4 25. Rxd4 Rd7 26. Red1 Rad8 27.
Nb5 a6 28. Rxd6 Bc6 29. Rxd7 Rxd7 30. Rxd7 Bxd7 31. Nc3 Be6 32. f4 Kg7 33. Kf2
Kf6 34. Ke3 b5 35. Kd4 Bc4 36. Kc5 Bf1 37. Nd5+ Ke6 38. Ne3 Bd3 39. Kd4 Bb1 40.
a3 Ba2 41. f5+ Kd6 42. e5+ Kc6 43. Ng4 h5 44. Nf6 h4 45. gxh4 gxh4 46. Ng4 Bc4
47. Ne3 Bb3 48. Kc3 Ba2 49. b4 Bb1 50. Kd4 Ba2 51. Ke4 Bb1+ 52. Kf4 1-0

[Event "Frankfurt Ch A 2019"]
[Site "Ffm-Höchst, BiKuZ"]
[Date "2019.06.17"]
[Round "7.47"]
[White "Both, Günter"]
[Black "Mühlbach, Christian"]
[Result "0-1"]
[WhiteElo "1506"]
[BlackElo "1689"]
[PlyCount "58"]
[EventDate "2019.??.??"]
[WhiteTeam "SK Bischofsheim"]
[BlackTeam "SK Langen"]

1. e4 Nc6 2. d4 e5 3. d5 Nce7 4. Nf3 Ng6 5. c4 Bb4+ 6. Bd2 Bxd2+ 7. Qxd2 Nf6 8.
Nc3 d6 9. h3 O-O 10. g3 a5 11. b3 h6 12. Bg2 Nh7 13. Nh2 f5 14. exf5 Bxf5 15.
Be4 Ng5 16. Bxf5 Rxf5 17. h4 Nf3+ 18. Nxf3 Rxf3 19. h5 Ne7 20. g4 Qd7 21. Rg1
Raf8 22. Rg2 R8f4 23. Ne2 Rxg4 24. Rxg4 Qxg4 25. Ng3 b6 26. O-O-O a4 27. Qe2
Nf5 28. Nxf5 Rc3+ 29. Kd2 Rc2+ 0-1

[Event "Frankfurt Ch A 2019"]
[Site "Ffm-Höchst, BiKuZ"]
[Date "2019.06.17"]
[Round "7.48"]
[White "Knödler, Marcel"]
[Black "Stulken, Dietmar"]
[Result "1-0"]
[WhiteElo "1662"]
[BlackElo "1267"]
[PlyCount "105"]
[EventDate "2019.??.??"]
[WhiteTeam "FC Bierstadt"]
[BlackTeam "SF Frankfurt"]

1. c4 g6 2. g3 Bg7 3. Bg2 c5 4. Nc3 d6 5. e3 Nf6 6. Nge2 O-O 7. O-O Nc6 8. a3
Re8 9. Rb1 a5 10. d3 Bd7 11. Nb5 Qc8 12. e4 Bh3 13. Bxh3 Qxh3 14. Nf4 Qd7 15.
Nd5 Nxd5 16. exd5 Nd4 17. Nxd4 Bxd4 18. Be3 e5 19. dxe6 Rxe6 20. Bxd4 cxd4 21.
Qg4 Qc6 22. Qxd4 Qc5 23. Qc3 b6 24. Rfe1 Rae8 25. Rxe6 Rxe6 26. Re1 Rxe1+ 27.
Qxe1 Qe5 28. Qxe5 dxe5 29. f4 f6 30. fxe5 fxe5 31. Kf2 Kf7 32. Ke3 Ke6 33. Ke4
h5 34. h4 a4 35. d4 exd4 36. Kxd4 Kd6 37. b4 axb3 38. Kc3 b2 39. Kxb2 Kc6 40.
a4 Kd6 41. Kb3 Kc5 42. Kc3 Kd6 43. Kd4 Kc6 44. Ke5 Kc5 45. Kf6 Kxc4 46. Kxg6
Kb4 47. Kxh5 Kxa4 48. g4 b5 49. g5 b4 50. g6 b3 51. g7 b2 52. g8=Q b1=Q 53.
Qa8+ 1-0

[Event "Frankfurt Ch A 2019"]
[Site "Ffm-Höchst, BiKuZ"]
[Date "2019.06.17"]
[Round "7.49"]
[White "Burkart, Lloyd Shang"]
[Black "Stricker, Konstantin"]
[Result "1-0"]
[WhiteElo "1484"]
[BlackElo "1589"]
[PlyCount "87"]
[EventDate "2019.??.??"]
[WhiteTeam "TuS Makkabi"]
[BlackTeam "SC Eschbach"]

1. d4 d5 2. c4 e5 3. dxe5 d4 4. Nf3 Nc6 5. g3 Be6 6. b3 Bc5 7. Bb2 Bb4+ 8. Nbd2
Bg4 9. Bg2 d3 10. e6 f6 11. O-O Qd6 12. Ne4 Qxe6 13. exd3 O-O-O 14. a3 Be7 15.
Qc2 Bh3 16. Rfe1 Bxg2 17. Kxg2 Qf7 18. b4 h5 19. h4 Nh6 20. b5 Nb8 21. a4 Nd7
22. Bd4 Nf5 23. Bxa7 b6 24. a5 Kb7 25. axb6 cxb6 26. Qa2 Ra8 27. Qa6+ Kc7 28.
c5 Bxc5 29. Nxc5 Qd5 30. Nxd7 Kxd7 31. Qxb6 Rhc8 32. Qa5 Nd4 33. Bxd4 Rxa5 34.
Rxa5 g5 35. Ra7+ Rc7 36. Rxc7+ Kxc7 37. b6+ Kd7 38. hxg5 fxg5 39. Re4 g4 40.
Ne5+ Kc8 41. Kg1 Qb3 42. Rf4 Qb4 43. Be3 Qd6 44. Rf5 1-0

[Event "Frankfurt Ch A 2019"]
[Site "Ffm-Höchst, BiKuZ"]
[Date "2019.06.17"]
[Round "7.50"]
[White "Henrich, Frederik"]
[Black "Winter, Olaf"]
[Result "1/2-1/2"]
[WhiteElo "1561"]
[BlackElo "1656"]
[PlyCount "93"]
[EventDate "2019.??.??"]
[WhiteTeam "Frankfurter TV"]
[BlackTeam "SK Bad Homburg"]

1. e4 c5 2. Nc3 e6 3. g3 Nc6 4. Bg2 g6 5. d3 Bg7 6. Be3 d6 7. Qd2 b6 8. Nge2
Bb7 9. O-O Nge7 10. Bh6 O-O 11. Bxg7 Kxg7 12. g4 f5 13. exf5 exf5 14. Nf4 Qd7
15. g5 Nd4 16. Rae1 Bxg2 17. Kxg2 Nec6 18. Nfd5 f4 19. f3 Qf5 20. h4 h6 21. Ne7
Qd7 22. gxh6+ Kxh6 23. Ncd5 Nxe7 24. Rxe7 Qf5 25. c4 g5 26. hxg5+ Qxg5+ 27. Kh1
Rf5 28. Qh2+ Qh5 29. Rf2 Qxh2+ 30. Rxh2+ Rh5 31. Rxh5+ Kxh5 32. Nxf4+ Kg5 33.
Ne6+ Kf6 34. Nxd4 Kxe7 35. Nf5+ Ke6 36. Ng3 Rh8+ 37. Kg2 Rh6 38. f4 Rh4 39. Ne2
Kf5 40. Kf3 a6 41. d4 cxd4 42. Nxd4+ Kf6 43. b3 Rh3+ 44. Ke4 Rh1 45. Kd5 Rd1
46. Ke4 Re1+ 47. Kd5 1/2-1/2

[Event "Frankfurt Ch A 2019"]
[Site "Ffm-Höchst, BiKuZ"]
[Date "2019.06.17"]
[Round "7.52"]
[White "Mayer, Rolf"]
[Black "Staggat, Rolf"]
[Result "1-0"]
[WhiteElo "1437"]
[BlackElo "1591"]
[PlyCount "45"]
[EventDate "2019.??.??"]
[WhiteTeam "SC Flörsheim"]
[BlackTeam "Schierstein"]

1. d4 b6 2. Bf4 Bb7 3. e3 d6 4. Nf3 g6 5. Be2 Bg7 6. O-O Nd7 7. c4 e6 8. Nc3
Ne7 9. Rc1 O-O 10. h3 e5 11. dxe5 dxe5 12. Bg5 h6 13. Bh4 Qe8 14. Bxe7 Qxe7 15.
e4 Rfd8 16. Nd5 Bxd5 17. cxd5 Nc5 18. Qc2 Rdc8 19. b4 Nb7 20. Ba6 Rab8 21. a3
Bf8 22. Rfd1 Qd7 23. Nxe5 1-0

[Event "Frankfurt Ch A 2019"]
[Site "Ffm-Höchst, BiKuZ"]
[Date "2019.06.17"]
[Round "7.54"]
[White "Leichum, Engelbert"]
[Black "Bernhardt, Winfried"]
[Result "1/2-1/2"]
[WhiteElo "1570"]
[BlackElo "1419"]
[PlyCount "75"]
[EventDate "2019.??.??"]
[WhiteTeam "vereinslos"]
[BlackTeam "SV Nauheim"]

1. e4 e5 2. d4 exd4 3. c3 dxc3 4. Bc4 Nf6 5. Nxc3 Bb4 6. Bxf7+ Kf8 7. Bb3 Bxc3+
8. bxc3 Qe7 9. Ne2 Nxe4 10. O-O Qf6 11. Bb2 d6 12. Qc1 Ke7 13. c4 Qf7 14. c5
Be6 15. cxd6+ cxd6 16. Bc2 Rc8 17. f3 Nf6 18. Re1 Kf8 19. Nf4 Bf5 20. Re2 Nbd7
21. Qd1 Bxc2 22. Rxc2 Ne8 23. Nd3 Rc6 24. Re2 Rac8 25. Qa4 a6 26. Qh4 Ndf6 27.
Rae1 Rc4 28. Qh3 Qd7 29. Qg3 Qc7 30. Re7 Qb6+ 31. Kh1 R4c7 32. Bxf6 gxf6 33.
R7e4 Rg7 34. Qh3 Rd8 35. Nf4 Nc7 36. Qf5 Rf7 37. Nh5 Re8 38. Rxe8+ 1/2-1/2

[Event "Frankfurt Ch A 2019"]
[Site "Ffm-Höchst, BiKuZ"]
[Date "2019.06.17"]
[Round "7.55"]
[White "Hedrich, Gerd"]
[Black "Lopez Fuertes, Victor"]
[Result "1/2-1/2"]
[WhiteElo "1317"]
[BlackElo "1548"]
[PlyCount "115"]
[EventDate "2019.??.??"]
[WhiteTeam "Wiesbadener SV"]
[BlackTeam "SC Höchst"]

1. Nf3 d5 2. d4 c6 3. c4 Nf6 4. e3 Bf5 5. Qb3 Qb6 6. Nbd2 e6 7. Be2 Nbd7 8. c5
Qc7 9. Nh4 Be7 10. Nxf5 exf5 11. Qc2 g6 12. a3 O-O 13. Nf3 a5 14. b3 b6 15.
cxb6 Qxb6 16. Bb2 Rab8 17. Bd1 c5 18. dxc5 Qxc5 19. O-O Ng4 20. Qd3 Bf6 21. Rc1
Qd6 22. Bxf6 Ngxf6 23. Nd4 Qxa3 24. Be2 Nc5 25. Qc3 Nfe4 26. Ra1 Nxc3 27. Rxa3
Nxe2+ 28. Nxe2 Nxb3 29. Rd1 Nd2 30. Ra2 Ne4 31. f3 Nf6 32. Rxa5 Rb3 33. Kf2 Re8
34. Nf4 Rb2+ 35. Kf1 Rxe3 36. Ra6 Kg7 37. Rxf6 Kxf6 38. Nxd5+ Kg5 39. Nxe3 f4
40. Nc4 Rc2 41. Ne5 Kf6 42. Ng4+ Kg7 43. Nf2 h6 44. h4 h5 45. Nh3 Rc4 46. Ke2
f6 47. Rd7+ Kh6 48. Rd6 Rc2+ 49. Kf1 Rc1+ 50. Kf2 Rc2+ 51. Kg1 Kg7 52. Nxf4 Rc4
53. Ne6+ Kf7 54. Nd4 g5 55. hxg5 fxg5 56. Nf5 Rf4 57. Ng3 h4 58. Nh5 1/2-1/2

[Event "Frankfurt Ch A 2019"]
[Site "Ffm-Höchst, BiKuZ"]
[Date "2019.06.17"]
[Round "7.56"]
[White "Mongi, Mario"]
[Black "Klikic, Drazen"]
[Result "1-0"]
[WhiteElo "1401"]
[BlackElo "1488"]
[PlyCount "83"]
[EventDate "2019.??.??"]
[WhiteTeam "SC Sulzbach"]
[BlackTeam "SC Nied"]

1. c4 Nf6 2. g3 g6 3. Bg2 Bg7 4. Nc3 Nc6 5. Rb1 e5 6. d3 d6 7. Bg5 h6 8. Bd2
O-O 9. Nf3 Be6 10. b4 a6 11. Qc1 Kh7 12. O-O Qd7 13. b5 axb5 14. cxb5 Ne7 15.
a4 Bh3 16. Nh4 Bxg2 17. Nxg2 d5 18. a5 Qh3 19. f3 e4 20. dxe4 dxe4 21. Nf4 Qd7
22. Nxe4 Nxe4 23. fxe4 Qd4+ 24. e3 Qxe4 25. Rb4 Qe5 26. Nd3 Qd6 27. Nc5 Qd5 28.
e4 Bd4+ 29. Rxd4 Qxd4+ 30. Be3 Qe5 31. Nd7 Qxb5 32. Nf6+ Kh8 33. Bd4 Ng8 34.
Nxg8+ Kxg8 35. Qxh6 f6 36. Qxg6+ Kh8 37. Bxf6+ Rxf6 38. Qxf6+ Kg8 39. Qg6+ Kh8
40. Rf4 Qc5+ 41. Kg2 Qe7 42. Rf7 1-0

[Event "Frankfurt Ch B 2019"]
[Site "Ffm-Höchst, BiKuZ"]
[Date "2019.06.17"]
[Round "7.2"]
[White "Kiel, Gerhard"]
[Black "Ketting, Douwe"]
[Result "1-0"]
[WhiteElo "1459"]
[BlackElo "1397"]
[PlyCount "89"]
[EventDate "2019.??.??"]
[WhiteTeam "Berkershm"]
[BlackTeam "SC Somborn"]

1. Nf3 Nf6 2. c4 g6 3. d4 Bg7 4. e3 O-O 5. Be2 e6 6. Nc3 d5 7. O-O c5 8. Ne5
Nbd7 9. f4 cxd4 10. exd4 dxc4 11. Bxc4 Nb6 12. Bb3 Bd7 13. Be3 Bc6 14. Nxc6
bxc6 15. Qf3 Qd7 16. Bf2 Ne8 17. Rfd1 Nc7 18. Rac1 Ncd5 19. Na4 Qd6 20. Bg3 Qb4
21. Be1 Qd6 22. g3 Rac8 23. Nc5 Qe7 24. Bf2 Rfd8 25. a3 Nd7 26. Nxd7 Qxd7 27.
Rc5 Qb7 28. Bxd5 Rxd5 29. b4 Rcd8 30. Rdc1 Bxd4 31. Bxd4 Rxd4 32. Qxc6 Qxc6 33.
Rxc6 Rd1+ 34. Rxd1 Rxd1+ 35. Kg2 Rd7 36. Ra6 Kf8 37. Kf3 Ke7 38. b5 f5 39. Ke3
h6 40. h3 Kf6 41. a4 g5 42. a5 Rb7 43. b6 axb6 44. Rxb6 Ra7 45. a6 1-0

[Event "Frankfurt Ch B 2019"]
[Site "Ffm-Höchst, BiKuZ"]
[Date "2019.06.17"]
[Round "7.4"]
[White "Dröser, Wolfgang"]
[Black "Le, Tung Lam"]
[Result "1/2-1/2"]
[WhiteElo "1276"]
[BlackElo "1358"]
[PlyCount "31"]
[EventDate "2019.??.??"]
[WhiteTeam "SC Sulzbach"]
[BlackTeam "Schach AG im FDG"]

1. f4 d5 2. Nf3 Bg4 3. e3 Nd7 4. Be2 Ngf6 5. d3 Bxf3 6. Bxf3 e5 7. e4 c6 8. c3
Bd6 9. f5 O-O 10. O-O Nc5 11. b4 dxe4 12. dxe4 Ncxe4 13. Qe1 Qb6+ 14. Kh1 Qb5
15. Be2 Qb6 16. Bf3 1/2-1/2

[Event "Frankfurt Ch B 2019"]
[Site "Ffm-Höchst, BiKuZ"]
[Date "2019.06.17"]
[Round "7.5"]
[White "Nebel, Marcel"]
[Black "Grinberg, Igor"]
[Result "0-1"]
[WhiteElo "1309"]
[BlackElo "1187"]
[PlyCount "86"]
[EventDate "2019.??.??"]
[WhiteTeam "Berkershm"]
[BlackTeam "TuS Makkabi"]

1. d4 d5 2. c4 e6 3. Nf3 f5 4. Nc3 c6 5. Bg5 Nf6 6. cxd5 cxd5 7. e3 a6 8. Be2
Nc6 9. O-O Be7 10. Ne5 O-O 11. Bf4 Bd6 12. Bd3 Qc7 13. Rc1 Qb8 14. Nxc6 bxc6
15. Bxd6 Qxd6 16. h3 e5 17. dxe5 Qxe5 18. Qd2 Ne4 19. Bxe4 fxe4 20. Na4 Rf6 21.
Qe2 Qg5 22. Kh2 Qe5+ 23. Kg1 Rg6 24. g4 h5 25. f3 hxg4 26. fxg4 Qg3+ 27. Qg2
Qxe3+ 28. Kh2 Rh6 29. Rc3 Qg5 30. Rg3 Qe5 31. Nb6 Rb8 32. Nxc8 Rxc8 33. Rf5 Qd6
34. Kh1 Rf6 35. Rxf6 Qxf6 36. g5 Qf5 37. g6 Re8 38. h4 Qh5 39. Rg4 e3 40. Qe2
d4 41. Qc4+ Qd5+ 42. Qxd5+ cxd5 43. Rxd4 e2 0-1

[Event "Frankfurt Ch B 2019"]
[Site "Ffm-Höchst, BiKuZ"]
[Date "2019.06.17"]
[Round "7.6"]
[White "Trumpp, Christopher"]
[Black "Bär, Christian"]
[Result "1/2-1/2"]
[WhiteElo "1438"]
[BlackElo "1423"]
[PlyCount "83"]
[EventDate "2019.??.??"]
[WhiteTeam "Berkershm"]
[BlackTeam "SC Steinbach"]

1. d4 c5 2. d5 e6 3. c4 d6 4. e4 Nf6 5. Nc3 Be7 6. Nf3 O-O 7. Bd3 exd5 8. Nxd5
Nxd5 9. exd5 Bg4 10. O-O Bf6 11. Be4 Nd7 12. Qc2 g6 13. h3 Bxf3 14. Bxf3 Ne5
15. Be4 Re8 16. f4 Nd7 17. Rb1 Bd4+ 18. Kh1 Qh4 19. Qd3 Nf6 20. Bf3 Re7 21. Bd2
Rae8 22. Bc3 Bxc3 23. Qxc3 Ne4 24. Bxe4 Rxe4 25. f5 Re3 26. fxg6 hxg6 27. Qf6
Qxf6 28. Rxf6 Re1+ 29. Rxe1 Rxe1+ 30. Kh2 Kf8 31. Rf2 Re4 32. b3 a6 33. Kg3 f5
34. Rf4 Re2 35. Rf2 Re3+ 36. Kf4 Re4+ 37. Kg5 Kg7 38. g4 fxg4 39. hxg4 b5 40.
Rc2 Re5+ 41. Kf4 Re1 42. Kg5 1/2-1/2

[Event "Frankfurt Ch B 2019"]
[Site "Ffm-Höchst, BiKuZ"]
[Date "2019.06.17"]
[Round "7.7"]
[White "Lassek, Bjarne"]
[Black "Goodwin, David"]
[Result "1-0"]
[WhiteElo "1194"]
[BlackElo "1434"]
[PlyCount "63"]
[EventDate "2019.??.??"]
[WhiteTeam "Schach AG im FDG"]
[BlackTeam "SV Kelsterbach"]

1. e4 g6 2. d4 Bg7 3. Nf3 d6 4. Bc4 e6 5. Bb3 a6 6. O-O Ne7 7. Be3 Nbc6 8. c3
O-O 9. Re1 Na5 10. Bc2 Nc4 11. Bc1 b5 12. Nbd2 Nb6 13. Nf1 Nd7 14. Ne3 c5 15.
a4 Bb7 16. b3 Nf6 17. e5 dxe5 18. dxe5 Nfd5 19. Bb2 Qc7 20. Qd2 Bh6 21. Nxd5
Bxd5 22. Qxh6 Bxf3 23. gxf3 Kh8 24. Bc1 Ng8 25. Qh4 Qe7 26. Bg5 Qe8 27. Re4 f5
28. exf6 Ra7 29. Rae1 Raf7 30. Rxe6 Qa8 31. Be4 Qd8 32. Bxg6 1-0

[Event "Frankfurt Ch B 2019"]
[Site "Ffm-Höchst, BiKuZ"]
[Date "2019.06.17"]
[Round "7.8"]
[White "Brendel, Lutz"]
[Black "Engelhardt, Michael"]
[Result "1/2-1/2"]
[WhiteElo "1407"]
[BlackElo "1467"]
[PlyCount "56"]
[EventDate "2019.??.??"]
[WhiteTeam "Schach AG im FDG"]
[BlackTeam "SV Nauheim"]

1. g4 d5 2. Bg2 e5 3. c4 c6 4. cxd5 cxd5 5. Nc3 Nc6 6. Nxd5 Bxg4 7. Qa4 Bd7 8.
e3 Nf6 9. Nxf6+ Qxf6 10. Qb3 Na5 11. Qc3 Nc6 12. a3 Bd6 13. b4 Rc8 14. Qd3 O-O
15. Bb2 Bf5 16. Be4 Rfd8 17. Bxf5 Bxb4 18. Bxc8 Rxd3 19. axb4 Qd8 20. Bxb7 Qd5
21. Bxc6 Qxc6 22. Rc1 Qb7 23. f3 h6 24. Bxe5 Qxb4 25. Bc3 Qh4+ 26. Ke2 Rd7 27.
e4 Qg5 28. Nh3 Qb5+ 1/2-1/2

[Event "Frankfurt Ch B 2019"]
[Site "Ffm-Höchst, BiKuZ"]
[Date "2019.06.17"]
[Round "7.10"]
[White "Wich, Manuela"]
[Black "Özyar, Arin"]
[Result "0-1"]
[WhiteElo "1488"]
[BlackElo "1167"]
[PlyCount "50"]
[EventDate "2019.??.??"]
[WhiteTeam "SV Hofheim"]
[BlackTeam "SC Bad Soden"]

1. e4 e5 2. Nf3 Nc6 3. Bc4 Bc5 4. c3 Nf6 5. d3 d6 6. O-O Bg4 7. h3 Bh5 8. g4
Bg6 9. Nh4 Nd7 10. Nf5 Bxf5 11. gxf5 Qh4 12. Qg4 Qxg4+ 13. hxg4 h5 14. g5 Ne7
15. Nd2 c6 16. Nf3 d5 17. Bb3 f6 18. Nh4 O-O-O 19. Bd1 Rdg8 20. g6 Bb6 21. Kg2
Nc5 22. Bd2 Rf8 23. b4 Nd7 24. a4 a5 25. bxa5 Bxa5 0-1

[Event "Frankfurt Ch B 2019"]
[Site "Ffm-Höchst, BiKuZ"]
[Date "2019.06.17"]
[Round "7.11"]
[White "Klinke, Roland"]
[Black "Pessotschinski, Eduard"]
[Result "1-0"]
[WhiteElo "1157"]
[BlackElo "1263"]
[PlyCount "80"]
[EventDate "2019.??.??"]
[WhiteTeam "TuS Dotzheim"]
[BlackTeam "TuS Makkabi"]

1. d4 Nf6 2. c4 g6 3. Nf3 Bg7 4. Nc3 d6 5. e3 O-O 6. Bd3 Bg4 7. O-O Nc6 8. h3
Bxf3 9. Qxf3 Re8 10. Rd1 Nb4 11. Bb1 Nc6 12. a3 Qc8 13. Bd3 e5 14. dxe5 Nxe5
15. Qe2 Nc6 16. Qc2 Qe6 17. b3 Rad8 18. Bb2 d5 19. cxd5 Nxd5 20. Nxd5 Rxd5 21.
Bc4 Rxd1+ 22. Rxd1 Qe7 23. Bxg7 Kxg7 24. a4 Rd8 25. Rxd8 Qxd8 26. Bb5 Ne7 27.
Be2 Nd5 28. Bf3 c6 29. Qd1 f5 30. Qd4+ Qf6 31. Qxa7 Qa1+ 32. Kh2 Qe5+ 33. Kg1
Qa1+ 34. Kh2 Qe5+ 35. g3 Qe7 36. Bxd5 cxd5 37. Qd4+ Kh6 38. Qxd5 Qc7 39. Kg2
Qc6 40. Qxc6 bxc6 1-0

[Event "Frankfurt Ch B 2019"]
[Site "Ffm-Höchst, BiKuZ"]
[Date "2019.06.17"]
[Round "7.12"]
[White "Sturm, Holger"]
[Black "Tryfon, Konstantin"]
[Result "0-1"]
[WhiteElo "1133"]
[BlackElo "1239"]
[PlyCount "40"]
[EventDate "2019.??.??"]
[WhiteTeam "Schierstein"]
[BlackTeam "SV Hofheim"]

1. d4 d5 2. c4 e6 3. Nf3 c5 4. e3 cxd4 5. exd4 dxc4 6. Bxc4 Nf6 7. O-O Bd6 8.
Bg5 O-O 9. Nc3 a6 10. a4 h6 11. Bh4 Be7 12. Qc2 b6 13. Rad1 Bb7 14. d5 Qc7 15.
Rfe1 Qxc4 16. Bxf6 Bxf6 17. Nd2 Qg4 18. Re4 Qg6 19. h3 exd5 20. Nxd5 Bxd5 0-1

[Event "Frankfurt Ch B 2019"]
[Site "Ffm-Höchst, BiKuZ"]
[Date "2019.06.17"]
[Round "7.13"]
[White "Manasek, Martin"]
[Black "Landvoigt, Martin"]
[Result "1/2-1/2"]
[WhiteElo "1360"]
[BlackElo "1232"]
[PlyCount "116"]
[EventDate "2019.??.??"]
[WhiteTeam "SC Flörsheim"]
[BlackTeam "SF Friedberg"]

1. d4 f5 2. Nf3 Nf6 3. c4 c6 4. Nc3 e6 5. e3 d5 6. Bd3 Be7 7. O-O O-O 8. cxd5
cxd5 9. a3 Ne4 10. Ne2 a6 11. b4 Bd7 12. Bb2 Qe8 13. Rc1 Nc6 14. Ne5 Nxe5 15.
dxe5 Rc8 16. Rxc8 Qxc8 17. Nf4 Bg5 18. Ne2 Be7 19. Qa1 Qb8 20. Rc1 Rc8 21. Bxe4
fxe4 22. Rxc8+ Qxc8 23. Qc1 Qxc1+ 24. Nxc1 Bb5 25. Nb3 b6 26. Nd4 Bd7 27. Kf1
Kf7 28. Ke2 a5 29. b5 Bc5 30. a4 h5 31. f3 exf3+ 32. gxf3 g5 33. h3 Kg6 34. Kf2
Bb4 35. Nc6 Bc5 36. Nd4 Kf7 37. Ne2 Be8 38. Nd4 Ke7 39. Ke2 Bg6 40. Kf2 Bf5 41.
Kg2 g4 42. hxg4 hxg4 43. Kg3 gxf3 44. Kxf3 Be4+ 45. Kf4 Kd7 46. Kg5 Be7+ 47.
Kh6 Bf5 48. Nxf5 exf5 49. Kg6 Ke6 50. Bd4 Bd8 51. Kh5 Bc7 52. Kg5 Bd8+ 53. Kf4
Bc7 54. Kg5 Bd8+ 55. Kf4 Bc7 56. Kg5 Bd8+ 57. Kf4 Bc7 58. Kg5 Bd8+ 1/2-1/2

[Event "Frankfurt Ch B 2019"]
[Site "Ffm-Höchst, BiKuZ"]
[Date "2019.06.17"]
[Round "7.14"]
[White "Brunner, Andreas"]
[Black "Mook, Karl-Jürgen"]
[Result "1-0"]
[WhiteElo "1338"]
[BlackElo "1261"]
[PlyCount "110"]
[EventDate "2019.??.??"]
[WhiteTeam "Berkershm"]
[BlackTeam "SC Sulzbach"]

1. Nf3 Nf6 2. g3 e6 3. Bg2 Be7 4. b3 Nc6 5. O-O O-O 6. Bb2 b6 7. d3 Bb7 8. Nbd2
Rb8 9. c4 d5 10. cxd5 exd5 11. Rc1 Re8 12. Re1 Bd6 13. Qc2 Nb4 14. Qb1 Nc6 15.
Qa1 Ne5 16. Nxe5 Qe7 17. Nc6 Bxc6 18. Rxc6 Be5 19. d4 Bd6 20. e3 Bb4 21. Rd1
Qd7 22. Qc1 Bd6 23. a3 Qf5 24. Qb1 Qh5 25. Nf3 Ng4 26. Re1 Re6 27. Rxd6 cxd6
28. h3 Nxf2 29. Kxf2 Rf6 30. e4 Qh6 31. Bc1 Qg6 32. Bf4 Rc8 33. Nh4 Rxf4+ 34.
gxf4 Qf6 35. Nf5 g6 36. e5 dxe5 37. fxe5 Qg5 38. Nd6 Qf4+ 39. Kg1 Qxd4+ 40. Kh1
Rc6 41. Qd1 Qc3 42. a4 a5 43. Ne8 Qg3 44. Nf6+ Kg7 45. Nxd5 Rc5 46. Nxb6 Qc3
47. Nd5 Qg3 48. Kg1 Qg5 49. Qd4 Rc1 50. Kh2 Qd8 51. e6+ f6 52. Qa7+ Kh6 53.
Qe3+ g5 54. Qxc1 Qd6+ 55. Kh1 Qg3 1-0

[Event "Frankfurt Ch B 2019"]
[Site "Ffm-Höchst, BiKuZ"]
[Date "2019.06.17"]
[Round "7.15"]
[White "Wundram, Till"]
[Black "Paulicks, Frank"]
[Result "1-0"]
[WhiteElo "1310"]
[BlackElo "1252"]
[PlyCount "79"]
[EventDate "2019.??.??"]
[WhiteTeam "vereinslos"]
[BlackTeam "SC Bad Nauheim"]

1. e4 c5 2. Nf3 Nc6 3. d4 cxd4 4. Nxd4 Nf6 5. Nc3 e5 6. Ndb5 d6 7. Be2 a6 8.
Na3 b5 9. Nd5 Nxe4 10. Bf3 Bf5 11. O-O Ne7 12. Re1 Nxd5 13. Qxd5 Be6 14. Qxe4
Rc8 15. c3 Be7 16. h3 O-O 17. Nc2 Qd7 18. Nb4 Rc4 19. Qd3 f5 20. Nd5 Bd8 21.
Be2 e4 22. Qd1 Rc5 23. Nf4 Bf7 24. Be3 Rc8 25. Qc2 d5 26. Rad1 Qd6 27. Qd2 Bc7
28. g3 Rcd8 29. b4 Be6 30. Bc5 Qd7 31. Bxf8 Rxf8 32. Nxe6 Qxe6 33. Qxd5 Qxd5
34. Rxd5 f4 35. Bd1 Bb6 36. Rxe4 fxg3 37. Kg2 Bc7 38. f3 a5 39. Rd7 Rc8 40.
Ree7 1-0

[Event "Frankfurt Ch B 2019"]
[Site "Ffm-Höchst, BiKuZ"]
[Date "2019.06.17"]
[Round "7.16"]
[White "Grünzig, Matthias"]
[Black "Barth, Horst"]
[Result "1-0"]
[WhiteElo "1298"]
[BlackElo "1200"]
[PlyCount "107"]
[EventDate "2019.??.??"]
[WhiteTeam "Berkershm"]
[BlackTeam "SF Mainz"]

1. d4 Nf6 2. c4 e6 3. Nc3 d5 4. Bg5 Be7 5. cxd5 exd5 6. e3 a6 7. Nf3 Nc6 8. Bd3
b5 9. a3 O-O 10. O-O Bg4 11. Rc1 b4 12. Na2 Qd7 13. Bxf6 Bxf6 14. a4 a5 15. b3
Na7 16. Rc5 Nc8 17. Bb5 Qd8 18. Bc6 Nb6 19. Bxa8 Nxa8 20. h3 Be7 21. hxg4 Bxc5
22. dxc5 c6 23. Ne5 Qc7 24. Qd4 Re8 25. f4 f6 26. Nf3 Re4 27. Qd3 Qe7 28. Kf2
Qd7 29. Nd2 Re7 30. Qf5 Re6 31. Nf3 Qe7 32. Qd3 Qxc5 33. Rc1 Qd6 34. Nd4 Re8
35. Rxc6 Qd7 36. Qf5 Qf7 37. Rc8 Nc7 38. Rxe8+ Nxe8 39. Qe6 Nc7 40. Qxf7+ Kxf7
41. Nc6 Na6 42. Nxa5 Nc5 43. Nxb4 Ke6 44. Kf3 f5 45. gxf5+ Kxf5 46. Nxd5 h6 47.
g4+ Ke6 48. Nc3 g5 49. fxg5 hxg5 50. b4 Nd7 51. b5 Nb6 52. Nc6 Na8 53. a5 Kd6
54. Ke4 1-0

[Event "Frankfurt Ch B 2019"]
[Site "Ffm-Höchst, BiKuZ"]
[Date "2019.06.17"]
[Round "7.17"]
[White "Corluka, Lukas"]
[Black "Häfner, Günther"]
[Result "1-0"]
[WhiteElo "1135"]
[BlackElo "1203"]
[PlyCount "25"]
[EventDate "2019.??.??"]
[WhiteTeam "Schach AG im FDG"]
[BlackTeam "Berkershm"]

1. e4 d5 2. exd5 Qxd5 3. Nc3 Qa5 4. d4 c6 5. h3 Qc7 6. Nf3 Bf5 7. Bc4 Nf6 8.
O-O e6 9. a3 Bd6 10. Re1 O-O 11. Ne5 Nbd7 12. Bf4 Be7 13. Ng6 1-0

[Event "Frankfurt Ch B 2019"]
[Site "Ffm-Höchst, BiKuZ"]
[Date "2019.06.17"]
[Round "7.18"]
[White "Fredershausen, Kurt"]
[Black "Widmann, Dieter"]
[Result "0-1"]
[WhiteElo "1079"]
[BlackElo "1340"]
[PlyCount "106"]
[EventDate "2019.??.??"]
[WhiteTeam "SC Bad Soden"]
[BlackTeam "Berkershm"]

1. e4 c5 2. Nf3 d6 3. Nc3 Nc6 4. d4 Bg4 5. Be2 cxd4 6. Nxd4 Bxe2 7. Ndxe2 g6 8.
Be3 Bg7 9. a3 Nf6 10. h3 Rc8 11. Rb1 Qa5 12. O-O Ne5 13. a4 O-O 14. b4 Qd8 15.
Nd5 Nxe4 16. f3 Nf6 17. Nxf6+ Bxf6 18. Bd4 Rc4 19. f4 Nd7 20. Bxf6 Nxf6 21. c3
Qb6+ 22. Kh2 Rfc8 23. f5 Rh4 24. Kh1 Rcc4 25. Qd3 Qc6 26. Rf3 g5 27. Nd4 Qd5
28. Re1 Kf8 29. Rg3 h6 30. Qe3 Re4 31. Qf2 Rxe1+ 32. Qxe1 Ne4 33. Re3 Rxc3 34.
Rxe4 Rd3 35. Kh2 Rxd4 36. Rxd4 Qxd4 37. Qc1 Qe5+ 38. Kg1 Qxf5 39. Qc7 Qb1+ 40.
Kh2 Qxb4 41. Qd8+ Kg7 42. Qxe7 a6 43. Qd7 b5 44. Qc6 bxa4 45. Qd5 a3 46. Qf3
Qf4+ 47. Qxf4 gxf4 48. h4 a2 49. Kh3 a1=Q 50. Kg4 Qf1 51. Kh3 Qf2 52. Kg4 Kg6
53. g3 Qxg3# 0-1